LEADER 00763nam0 2200265 450 001 000001805 005 20080619142150.0 010 $a0-87942-237-8 100 $a20000927d1991----km-y0itay50------ba 101 0 $aeng 102 $aUS 200 1 $aField theory of guided waves 205 $a2. ed. 210 $aNew York$cIEEE press$aOxford$cOxford university press$d1991 215 $aXII, 852 p.$cill.$d26 cm 307 $aSeguono: appendici 610 1 $aOnde elettromagnetiche 610 1 $aTeoria dei campi 676 $a530.141 700 1$aCollin,$bRobert E.$0478 801 0$aIT$bUNIPARTHENOPE$gRICA$2UNIMARC 912 $a000001805 951 $cPIST$aP1 537-F/1$b32618$d20001006 996 $aField theory of guided waves$9107857 997 $aUNIPARTHENOPE LEADER 01469cam0-22005051i-450- 001 990000421310403321 005 20060209134309.0 010 $a0-387-97187-4$bvol. 2 010 $a0-387-96227-1$bvol. 1 035 $a000042131 035 $aFED01000042131 035 $a(Aleph)000042131FED01 035 $a000042131 100 $a20020821d1991----km-y0itay50------ba 101 0 $aeng 105 $ay-------001yy 200 1 $a<>introduction to the history of structural mechanics$fEdoardo Benvenuto 210 $aNew York [etc.]$cSpringer-Verlag$d1991 215 $a2 v.$d24 cm 327 1 $a1.: Statics and resistance of solids$a2.: Vaulted structures and elastic systems 610 0 $aDinamica 610 0 $aMeccanica 610 0 $aStoria della fisica 610 0 $aVibrazioni 676 $a509 676 $a624.1 700 1$aBenvenuto,$bEdoardo 801 0$aIT$bUNINA$gRICA$2UNIMARC 901 $aBK 912 $a990000421310403321 952 $a08 N 214$b665$fDINED 952 $a08 N 213$b664$fDINED 952 $a07 G-202 MU.$b5087/508$fDINSC 952 $a6D-401.001$b6054$fFI1 952 $a02 49 F 27$b6965$fFINBN 952 $a02 49 F 26$b6964$fFINBN 952 $a07 G-160/B MU.$b4519$fDINSC 952 $a07 G-160/A MU.$b4519$fDINSC 952 $a07 G-158/B MU.$b4523$fDINSC 952 $a07 G-158/A MU.$b4523$fDINSC 959 $aDINED 959 $aDINSC 959 $aFI1 959 $aFINBN 997 $aUNINA